000 00853cam a22002897a 4500
003 CHAP
005 20220329142932.0
008 050314d2002 eu r 00110 eng d
010 _a89815
011 _a90787
020 _a0849323274
035 _a101344
040 _cCHAP
082 0 4 _a630.3
_bC7
100 0 0 _aLewis, Robert A.
_966543
245 1 0 _aCRC dictionary of agricultural sciences
_c/by Robert A. Lewis
260 _aBoca Raton, Fla. :
_bCRC press,
_c2002.
300 _a674 p.
590 _aBATCH-UPD
_b10
_c20130110
_lUCH01
_h0805
590 _aCONVERSION
_b10
_c20130109
_lUCH01
_h1350
650 1 4 _aAgricultura
_xDiccionarios.
_91393
901 _aBK
905 _aLilia
942 _cLIBRO
949 _a630.3 C7
_bBC
_cC
_d33724000952784
_eC
_h105147
_i101344
_sb
949 _a630.3 C7
_bBC
_cC
_d33724000952818
_eC
_fc.2
_h105222
_i101344
_sb
999 _c89815
_d89815